Prefects at Hogwarts - Statistics

General Stats
  • This quiz has been taken 29 times
  • The average score is 9 of 26
Answer Stats
House Answer % Correct
Percy Weasley
96%
Hermione Granger
85%
Ron Weasley
85%
Draco Malfoy
81%
Hannah Abbott
73%
Pansy Parkinson
69%
Ravenclaw Penelope Clearwater
65%
Hufflepuff Cedric Diggory
54%
Padma Patil
46%
Bill Weasley
42%
Charlie Weasley
42%
Anthony Goldstein
38%
Minerva McGonagall
19%
Gryffindor Albus Dumbledore
15%
Ernie Macmillian
15%
Lucius Malfoy
15%
Remus Lupin
15%
Slytherin Tom Riddle
15%
Gemma Farley
12%
Gabriel Truman
8%
Robert Hilliard
8%
Angelica Cole
4%
Chester Davies
4%
Felix Rosier
4%
Jane Court
4%
Marcus Turner
4%
No matching quizzes found
Score Distribution
Percent of People with Each Score
Percentile by Number Answered
Your Score History
You have not taken this quiz